Normal view
MARC view
Entry Nombre geográfico
001 - NÚMERO DE CONTROL
- campo de control: 544
003 - IDENTIFICADOR DEL NÚMERO DE CONTROL
- campo de control: BNPHU
005 - FECHA Y HORA DE LA ÚLTIMA TRANSACCIÓN
- campo de control: 20250314132939.0
008 - DATOS DE LONGITUD FIJA
- campo de control de longitud fija: 200615|| aca||aabn | a|a d
010 ## - NÚMERO DE CONTROL DE LA BIBLIOTECA DEL CONGRESO
- Número de control de LC: sh 85004240
040 ## - FUENTE DE LA CATALOGACIÓN
- Centro catalogador/agencia de origen: DO-SdBNP
- Lengua de catalogación: spa
- Centro/agencia transcriptor: BNPHU
- Normas de descripción: rda
151 ## - ENCABEZAMIENTO--NOMBRE GEOGRÁFICO
- Nombre geográfico: América --
- Subdivisión general: Descubrimiento y exploración --
- Subdivisión general: Españoles
451 ## - TRAZADO DE VÉASE--NOMBRE GEOGRÁFICO
- Nombre geográfico: America
- Subdivisión general: Discovery and exploration
- Subdivisión general: Spanish
670 ## - FUENTE DE DATOS ENCONTRADOS
- Cita de la fuente: Work cat.: (OSt)172: Anghiera, Pietro Martire d', 1457-1526 543, Décadas del nuevo mundo /, 1989.
670 ## - FUENTE DE DATOS ENCONTRADOS
- Identificador Uniforme del Recurso: https://authorities.loc.gov/cgi-bin/Pwebrecon.cgi?AuthRecID=4657368&v1=1&HC=1&SEQ=20250314110230&PID=_rW0mJ2d0dibcH_a5i0de6rL-Rnd Consultado en 13 de Marzo, 2025
670 ## - FUENTE DE DATOS ENCONTRADOS
- Identificador Uniforme del Recurso: https://librunam.dgb.unam.mx:8443/F/Q65NDITSXFFYCA8VLS4QYTQGK1TUDDT8MEYVC12L7CVES3DB2M-04792?func=full-set-set&set_number=002171&set_entry=000001&format=001 Consultado en 13 de Marzo, 2025
